Reasoning and writing well : a rhetoric, research guide, reader, and handbook /
محفوظ في:
| المؤلف الرئيسي: | |
|---|---|
| التنسيق: | كتاب |
| منشور في: |
Boston :
McGraw-Hill,
2006.
|
| الطبعة: | 4th ed. |
| الموضوعات: | |
| الوسوم: |
إضافة وسم
لا توجد وسوم, كن أول من يضع وسما على هذه التسجيلة!
|
MARC
| LEADER | 00000cam a2200000 a 4500 | ||
|---|---|---|---|
| 020 | |a 0072962976 (softcover : alk. paper) |c TZS 10,000 | ||
| 040 | |a MUL |b eng |e AACR | ||
| 082 | 0 | 0 | |a 808.0427 DIE |
| 100 | 1 | |a Dietsch, Betty M. | |
| 245 | 1 | 0 | |a Reasoning and writing well : |b a rhetoric, research guide, reader, and handbook / |c Betty Mattix Dietsch. |
| 250 | |a 4th ed. | ||
| 260 | |a Boston : |b McGraw-Hill, |c 2006. | ||
| 300 | |a xxxii, 726, [70] p. : |b ill. ; |c 23 cm. | ||
| 500 | |a Includes indexes. | ||
| 650 | 0 | |a English language | |
| 650 | 0 | |a English language |v Handbooks, manuals, etc. | |
| 650 | 0 | |a College readers. | |
| 650 | 0 | |a Report writing. | |
| 650 | 0 | |a Reasoning. | |
| 942 | |c BK | ||
| 999 | |c 6260 |d 6260 | ||